Super Mario Odyssey Cap Kingdom Moons - Statistics

General Stats
  • This quiz has been taken 5 times
  • The average score is 19 of 31
Answer Stats
Moon % Correct
Cap Kingdom Timer Challenge 1
100%
Cap Kingdom Timer Challenge 2
100%
Frog-Jumping Above the Fog
100%
Frog-Jumping from the Top Deck
100%
Peach in the Cap Kingdom
100%
Cap Kingdom Master Cup
67%
Cap Kingdom Regular Cup
67%
Danger Sign
67%
Fog-Shrouded Platform
67%
Found with Cap Kingdom Art
67%
Good Evening, Captain Toad!
67%
Hidden Among the Push-Blocks
67%
Next to Glasses Bridge
67%
Precision Rolling
67%
Push-Block Peril
67%
Roll On and On
67%
Secrets of the Frog Pond
67%
Shopping In Bonneton
67%
Spin the Hat, Get a Prize
67%
Taking Notes: In the Fog
67%
The Forgotten Treasure
67%
Under the Big One's Brim
67%
Bird Traveling in the Fog
33%
Bonneter Blockade
33%
Caught Hopping Near the Ship!
33%
Fly to the Edge of the Fog
33%
Hidden in a Sunken Hat
33%
Searching the Frog Pond
33%
Skimming the Poison Tide
33%
Slipping Through the Poison Tide
33%
Taxi Flying Through Bonneton
33%
No matching quizzes found
Score Distribution
Percent of People with Each Score
Percentile by Number Answered
Your Score History
You have not taken this quiz